000 01040nam a2200301 i 4500
003 EG-GICUC
005 20260502040752.0
008 260418s1953 ii |||fr|||| 000 0 eng d
040 _aEG-GiCUC
_bfre
_cEG-GiCUC
_dEG-GiCUC
_erda
041 _afre
082 0 4 _221
_a343.302
_bGH. C
092 0 4 _221
099 _aLaw1 10 343.302 GH. C 12 ed - 1853 1010081 C1
100 1 _aGhosh, K. M.
_eAuthor.
245 1 4 _aThe Code Of Criminal Procedure :
_b(Act V Of 1898) As Amended Up To Date /
_cBy K. M. Ghosh ; Edited By B. B. Mitra, B.a., B.l.
250 _aTwelfth Edition
264 1 _aNew Delhi :
_bEastern Law House Limited,
_c1853.
300 _a1148 pages ;
_c24 cm
336 _2rda content
_atext
337 _2rda media
_aComputer
338 _2rda carrier
_aOnline Resource
650 1 4 _aLaw of criminal procedure
_vLegislation and Laws
650 1 4 _aCriminal Procedure
700 1 _aMitra, B. B.
_eeditor.
856 4 0 _uhttps://fll.law.cu.edu.eg/fulltext/bks/B10-10081.pdf
905 _a164
_eEman
942 _2ddc
_cBK
_e21
_n0
999 _c71657
_d71657